000 00688cam a2200241 4500
001 975028
003 ARRUPE
005 20140221170847.0
008 720512s1944 xx 000 0 eng u
010 _a 46008094
035 _a(OCoLC)ocm00307068
035 _a(NNC)975028
040 _cKSU
_dZCU
099 _a193Sch97
_aDS
100 1 _aSeaver, George,
_d1890-
_98897
245 0 0 _aAlbert Schweitzer: Christian revolutionary,
_cby George Seaver.
260 _aNew York,
_aLondon,
_bHarper & brothers
_c[1944]
300 _a130 p.
_c20 cm.
504 _aBibliography: p. 125-127.
600 1 0 _aSchweitzer, Albert,
_d1875-1965.
_98898
942 _2lcc
_cMONOGRAPH
999 _c120151
_d120151